Statistics for Countries with El Salvadoran embassies

Click here to take the quiz!

General Stats

  • This quiz has been taken 39 times
  • The average score is 37 of 40

Answer Stats

ContinentCountry% Correct
South AmericaArgentina
100%
OceaniaAustralia
100%
EuropeBelgium
100%
North AmericaBelize
100%
South AmericaBolivia
100%
South AmericaBrazil
100%
South AmericaChile
100%
North AmericaCosta Rica
100%
South AmericaEcuador
100%
EuropeFrance
100%
EuropeGermany
100%
Asia/ EuropeRussia
100%
North AmericaUnited States of America
100%
North AmericaCanada
96%
South AmericaColombia
96%
North AmericaCuba
96%
North AmericaGuatemala
96%
North AmericaHonduras
96%
AsiaJapan
96%
North AmericaPanama
96%
South AmericaPeru
96%
EuropeSpain
96%
EuropeUnited Kingdom
96%
South AmericaUruguay
96%
South AmericaVenezuela
96%
EuropeAustria
93%
North AmericaDominican Republic
93%
EuropeItaly
93%
North AmericaMexico
93%
North AmericaNicaragua
93%
EuropeSweden
89%
AsiaIndia
86%
AsiaSouth Korea
86%
AsiaIsrael
82%
EuropeSwitzerland
82%
Europethe Netherlands
82%
EuropeVatican City
79%
North AmericaTrinidad and Tobago
71%
AsiaTaiwan
68%
AsiaQatar
43%

Score Distribution

Percentile by Number Answered

Percent of People with Each Score

Your Score History

You have not taken this quiz